<?xml version="1.0" encoding="UTF-8"?><?xml-stylesheet type="text/xsl" href="static/style.xsl"?><OAI-PMH xmlns="http://www.openarchives.org/OAI/2.0/" xmlns:xsi="http://www.w3.org/2001/XMLSchema-instance" xsi:schemaLocation="http://www.openarchives.org/OAI/2.0/ http://www.openarchives.org/OAI/2.0/OAI-PMH.xsd"><responseDate>2026-06-01T15:40:59Z</responseDate><request verb="GetRecord" identifier="oai:riuma.uma.es:10630/2580" metadataPrefix="marc">https://riuma.uma.es/rest/oai/request</request><GetRecord><record><header><identifier>oai:riuma.uma.es:10630/2580</identifier><datestamp>2026-02-03T12:41:27Z</datestamp><setSpec>com_10630_2254</setSpec><setSpec>col_10630_37957</setSpec></header><metadata><record xmlns="http://www.loc.gov/MARC21/slim" xmlns:dcterms="http://purl.org/dc/terms/" xmlns:doc="http://www.lyncode.com/xoai" xmlns:xsi="http://www.w3.org/2001/XMLSchema-instance" xsi:schemaLocation="http://www.loc.gov/MARC21/slim http://www.loc.gov/standards/marcxml/schema/MARC21slim.xsd">
   <leader>00925njm 22002777a 4500</leader>
   <datafield ind2=" " ind1=" " tag="042">
      <subfield code="a">dc</subfield>
   </datafield>
   <datafield ind2=" " ind1=" " tag="720">
      <subfield code="a">Gálvez Fernández, Carlos Jesús</subfield>
      <subfield code="e">author</subfield>
   </datafield>
   <datafield ind2=" " ind1=" " tag="260">
      <subfield code="c">2007</subfield>
   </datafield>
   <datafield ind2=" " ind1=" " tag="520">
      <subfield code="a">La presente tesis doctoral es una investigación acerca de la elaboración de modelos para procesos industriales de alta complejidad. En concreto se realizará el diseño, desarrollo e implantación de un modelo híbrido empírico-estequiométrico, que sea aplicable en un entorno tan difícil y especializado como el de la fabricación de acero inoxidable.El modelo deberá predecir el conjunto de operaciones necesarias para que todos los elementos del acero inoxidable tengan la concentración deseada. En particular, debe calcular a partir de las condiciones iniciales, el conjunto y cantidad de materiales que se deben adicionar y el volumen de gases a soplar durante el refinado del acero inoxidable. El modelo híbrido estará compuesto de un modelo empírico para la descarburación del acero y un modelo estequiométrico para el cálculo de adiciones de ajuste. Dado que los resultados de un modelo afectan al otro, es necesario realizar una integración adecuada de ambos.El entorno industrial donde se centra esta investigación es muy exigente y se producen gran variedad de aceros inoxidables de distintas características. El modelo híbrido debe ser capaz de refinar cualquiera de estos tipos de acero y debe adaptarse a las condiciones de producción, utilizando sólo los materiales disponibles en el momento del cálculo. Así mismo, debe soportar imprecisiones y posibles errores en los sistemas de medición.</subfield>
   </datafield>
   <datafield ind1="8" ind2=" " tag="024">
      <subfield code="a">http://hdl.handle.net/10630/2580</subfield>
   </datafield>
   <datafield tag="653" ind2=" " ind1=" ">
      <subfield code="a">Acero inoxidable - Tesis doctorales</subfield>
   </datafield>
   <datafield tag="653" ind2=" " ind1=" ">
      <subfield code="a">Acero - Industria - Tesis doctorales</subfield>
   </datafield>
   <datafield ind2="0" ind1="0" tag="245">
      <subfield code="a">Diseño de modelos empíricos para procesos industriales: refinamiento de acero inoxidable</subfield>
   </datafield>
</record>
</metadata></record></GetRecord></OAI-PMH>